logo

Bir Sreshtho Munshi Abdur Rouf Library
Jhenaidah Cadet College

Calculus with applications / (Record no. 10043)

MARC details
000 -LEADER
fixed length control field 00748pam a2200265 a 4500
001 - CONTROL NUMBER
JCCL Control Number 10043
003 - CONTROL NUMBER IDENTIFIER
JCCL marc code BD-JhCC
005 - DATE AND TIME OF LATEST TRANSACTION
control field 20180404190555.0
008 - FIXED-LENGTH DATA ELEMENTS--GENERAL INFORMATION
fixed length control field 180404s1989 caua 001 0 eng
020 ## - INTERNATIONAL STANDARD BOOK NUMBER
International Standard Book Number 0534102727
035 ## - SYSTEM CONTROL NUMBER
system control number (BD-JhCC)10043
040 ## - CATALOGING SOURCE
Original cataloging agency DLC
Transcribing agency DLC
Modifying agency DLC
-- BD-JhCC
041 ## - LANGUAGE CODE
Language code of Book eng
050 00 - LIBRARY OF CONGRESS CALL NUMBER
Classification number QA303
Item number .T205 1989
082 00 - DEWEY DECIMAL CLASSIFICATION NUMBER
Classification number 515
DDC Edition number 19
Author mark and Year TAY 1989
100 1# - MAIN ENTRY--PERSONAL NAME
Personal name Taylor, Claudia,
Dates associated with a name 1949-
245 10 - TITLE STATEMENT
Title Calculus with applications /
Statement of responsibility, etc Claudia Dunham Taylor, Lawrence Gilligan.
260 ## - PUBLICATION, DISTRIBUTION, ETC. (IMPRINT)
Place of publication, distribution, etc Pacific Grove, Calif. :
Name of publisher, distributor, etc Brooks/Cole Pub. Co.,
Date of publication, distribution, etc c1989.
300 ## - PHYSICAL DESCRIPTION
Pagination xiv, 700 p. :
Other physical details ill. ;
Dimensions 25 cm.
500 ## - GENERAL NOTE
General note Includes index.
650 #0 - SUBJECT ADDED ENTRY--TOPICAL TERM
Topical term or geographic name as entry element Calculus.
700 1# - ADDED ENTRY--PERSONAL NAME
Personal name Gilligan, Lawrence G.
942 ## - ADDED ENTRY ELEMENTS (KOHA)
Source of classification or shelving scheme Dewey Decimal Classification
Koha item type Reference
Holdings
Source of classification or shelving scheme Damaged status Not for loan Home library Current library Shelving location Date of accession Total Checkouts Full call number Barcode Date last seen Date checked out Copy number Method of acquisition Koha item type
Dewey Decimal Classification     JCC Rouf Library JCC Rouf Library General Stacks 04/04/2018 1 515 TAY 1989 13164 03/03/2024 05/30/2023 C-1 Purchase Books

JCC Library | Contacts | JCC Home

Last Update on 23 September 2017
Copyright @ 2017-2020 JCC Rouf Library
Rouf Library, Jhenidah Cadet College (JCC), Bangladesh